| 000 | 00594nam a2200205Ia 4500 | ||
|---|---|---|---|
| 003 | GCL | ||
| 008 | 140319s9999 xx 000 0 ara d | ||
| 040 |
_aGCL / _cGCL |
||
| 082 | 0 | 4 |
_a915.54 _bع د |
| 100 | 1 | _aعواطف شلبى | |
| 245 | 1 | 0 |
_aدبلوماسية فى بلاد السحر والعجائب / _cعواطف شلبى |
| 260 |
_a[S.N] : _bالهيئة المصرية العامة للكتاب ، _c1995 |
||
| 300 | _a174 ص | ||
| 490 | _a | ||
| 650 | 0 | 4 | _aالمدن |
| 650 | 0 | 4 | _aالهند |
| 650 | 0 | 4 | _aالسباحة |
| 650 | 0 | 4 | _aوصف ورحلات |
| 942 |
_2ddc _cBK |
||
| 999 |
_c35364 _d35364 |
||